[Event "DVM U20w 2009"]
[Site "Chemnitz GER"]
[Date "2009.12.30"]
[Round "7"]
[White "Erben, Larissa"]
[Black "Hoffmann, Hanna Dorina"]
[Result "1/2-1/2"]
[Termination "normal"]
[Board "1.1"]
[WhiteElo "2023"]
[BlackElo "1589"]
[WhiteTeam "SV Stuttgart-Wolfbusch 1956"]
[BlackTeam "Dortmunder SV 1875"]
[PlyCount "42"]
[WhiteFideId "24634590"]
[BlackFideId "12909858"]
[EventCountry "GER"]
[EventRounds "7"]
[EventType "team-swiss"]
[EventDate "2009.12.26"]

1. e4 e6 2. d4 d5 3. exd5 exd5 4. Nf3 Nf6 5. c4 c6 6. Nc3 Bb4 7. Be2 O-O 8. O-O
Re8 9. Bg5 Bg4 10. cxd5 Bxc3 11. dxc6 Nxc6 12. bxc3 h6 13. Bh4 g5 14. Bg3 Ne4
15. Qc2 Nxc3 16. Bc4 Ne4 17. Ne5 Nxe5 18. Bxe5 Bf5 19. Bd3 Rc8 20. Qe2 Nc3 21.
Qf3 Bxd3 1/2-1/2

[Event "DVM U20w 2009"]
[Site "Chemnitz GER"]
[Date "2009.12.30"]
[Round "7"]
[White "Büttner, Sarah"]
[Black "Djalalova, Nigora"]
[Result "0-1"]
[Termination "normal"]
[Board "1.2"]
[WhiteElo "1326"]
[BlackElo "1984"]
[WhiteTeam "Dortmunder SV 1875"]
[BlackTeam "SV Stuttgart-Wolfbusch 1956"]
[PlyCount "96"]
[WhiteFideId "12909866"]
[BlackFideId "14202166"]
[EventCountry "GER"]
[EventRounds "7"]
[EventType "team-swiss"]
[EventDate "2009.12.26"]

1. e4 c5 2. Nf3 d6 3. d4 cxd4 4. Nxd4 Nf6 5. Nc3 Nc6 6. Bc4 e6 7. f3 Be7 8. Be3
O-O 9. Qd2 a6 10. O-O-O Ne5 11. Bb3 Qc7 12. g4 Rd8 13. h4 b5 14. h5 Nc4 15.
Bxc4 Qxc4 16. g5 Ne8 17. g6 Bf6 18. h6 fxg6 19. hxg7 Bxg7 20. Bh6 Bxd4 21. Qxd4
Qxd4 22. Rxd4 Ra7 23. a3 Rf7 24. Rf1 Rdd7 25. Ne2 Bb7 26. Ng3 Bc6 27. Rd2 d5
28. e5 Ng7 29. Bxg7 Kxg7 30. b4 Ra7 31. Kb2 a5 32. c3 Be8 33. Rd4 Rfc7 34. Rf4
Ra8 35. Rd4 axb4 36. cxb4 Rac8 37. Rd2 Rc3 38. Ne2 Re3 39. f4 Kf7 40. Nd4 Rcc3
41. Ra1 h5 42. Rc1 Rxc1 43. Kxc1 Rc3+ 44. Kb2 Rc4 45. Ne2 Bd7 46. Rd4 h4 47.
Rd3 Re4 48. Nc3 Rxf4 0-1

[Event "DVM U20w 2009"]
[Site "Chemnitz GER"]
[Date "2009.12.30"]
[Round "7"]
[White "Stitterich, Nadine"]
[Black "Friese, Sarah"]
[Result "1-0"]
[Termination "normal"]
[Board "1.3"]
[WhiteElo "1956"]
[BlackElo "1311"]
[WhiteTeam "SV Stuttgart-Wolfbusch 1956"]
[BlackTeam "Dortmunder SV 1875"]
[PlyCount "103"]
[WhiteFideId "24676527"]
[BlackFideId "24691950"]
[EventCountry "GER"]
[EventRounds "7"]
[EventType "team-swiss"]
[EventDate "2009.12.26"]

1. e4 c6 2. d4 d5 3. Nc3 dxe4 4. Nxe4 Bf5 5. Ng3 Bg6 6. h4 h6 7. h5 Bh7 8. Nf3
Nf6 9. Bd3 e6 10. Bxh7 Nxh7 11. Qd3 Bd6 12. Bd2 Nd7 13. O-O-O Qc7 14. Ne4 Nhf6
15. Qe2 Nxe4 16. Qxe4 Nf6 17. Qe2 O-O-O 18. Ne5 Bxe5 19. dxe5 Nd5 20. c4 Ne7
21. g4 c5 22. Bc3 Nc6 23. f4 Nd4 24. Bxd4 cxd4 25. Kb1 Kb8 26. Rd2 Rd7 27. Rhd1
Rhd8 28. b3 Qb6 29. Rd3 Rc7 30. Ka1 Qc5 31. Qe4 Rcd7 32. Qh7 Qf8 33. Kb2 f6 34.
exf6 Qxf6 35. Qe4 Rd6 36. b4 Rb6 37. Kb3 Rbd6 38. c5 R6d7 39. Kc4 Qf7 40. Qe5+
Ka8 41. Rxd4 Rxd4+ 42. Rxd4 Rxd4+ 43. Kxd4 a6 44. Kc3 Ka7 45. Qd4 Qc7 46. Qd6
Qxd6 47. cxd6 Kb6 48. Kd4 Kc6 49. Ke5 Kd7 50. a4 b6 51. b5 axb5 52. axb5 1-0

[Event "DVM U20w 2009"]
[Site "Chemnitz GER"]
[Date "2009.12.30"]
[Round "7"]
[White "Hoffmann, Clara Sandrine"]
[Black "Mijatovic, Andrea"]
[Result "0-1"]
[Termination "normal"]
[Board "1.4"]
[WhiteElo "1199"]
[BlackElo "1869"]
[WhiteTeam "Dortmunder SV 1875"]
[BlackTeam "SV Stuttgart-Wolfbusch 1956"]
[PlyCount "64"]
[WhiteFideId "12909882"]
[BlackFideId "14514524"]
[EventCountry "GER"]
[EventRounds "7"]
[EventType "team-swiss"]
[EventDate "2009.12.26"]

1. d4 d5 2. c4 e6 3. Nc3 Nf6 4. Bg5 Nbd7 5. e3 c6 6. cxd5 exd5 7. Nf3 Be7 8.
Be2 O-O 9. O-O Re8 10. Rc1 Ne4 11. Bxe7 Qxe7 12. Bd3 Ndf6 13. Ne5 a6 14. Re1 c5
15. Bxe4 dxe4 16. Na4 cxd4 17. exd4 Be6 18. Nc3 Qb4 19. Nxe4 Nxe4 20. Rxe4 Qxb2
21. Rc2 Qa3 22. Re3 Qa4 23. Qd2 Red8 24. Rd3 Bf5 25. Rc4 Qb5 26. Rb3 Qxe5 27.
Rc5 Qxc5 28. dxc5 Rxd2 29. h3 Rxa2 30. Rxb7 a5 31. c6 Be4 32. Rc7 a4 0-1

[Event "DVM U20w 2009"]
[Site "Chemnitz GER"]
[Date "2009.12.30"]
[Round "7"]
[White "Endress, Anna"]
[Black "Nekrasova, Kateryna"]
[Result "1-0"]
[Termination "normal"]
[Board "2.1"]
[WhiteElo "2090"]
[BlackElo "1810"]
[WhiteTeam "TSV Schott-Mainz"]
[BlackTeam "SV Empor-Berlin"]
[PlyCount "105"]
[WhiteFideId "24629472"]
[BlackFideId "24636266"]
[EventCountry "GER"]
[EventRounds "7"]
[EventType "team-swiss"]
[EventDate "2009.12.26"]

1. e4 c6 2. d4 d5 3. Nc3 dxe4 4. Nxe4 Bf5 5. Ng3 Bg6 6. h4 h6 7. Nf3 Nd7 8. h5
Bh7 9. Bd3 Bxd3 10. Qxd3 e6 11. Bf4 Qa5+ 12. Bd2 Qc7 13. O-O-O Ngf6 14. c4
O-O-O 15. Ne4 Nxe4 16. Qxe4 Nf6 17. Qe2 Bd6 18. g3 c5 19. Bc3 cxd4 20. Nxd4 a6
21. Nb3 Rd7 22. Kb1 Rhd8 23. Ba5 b6 24. c5 bxa5 25. cxd6 Qb6 26. Qf3 Kb8 27.
Rc1 Rxd6 28. Rh4 Rd5 29. Rhc4 Rd3 30. Qf4+ Qd6 31. Qxd6+ R3xd6 32. Nxa5 R8d7
33. Rb4+ Ka8 34. Rc8+ Ka7 35. Nc6+ Rxc6 36. Rxc6 Nd5 37. Rg4 Kb7 38. Rc1 f5 39.
Rgc4 Re7 40. f4 Nf6 41. Rb4+ Ka7 42. Rc6 Nxh5 43. Rbb6 Nxg3 44. Rxa6+ Kb7 45.
Rxe6 Rd7 46. Reb6+ Kc7 47. Rg6 Nh5 48. Ra7+ Kd8 49. Rxd7+ Kxd7 50. a4 Nxf4 51.
Rxg7+ Kc6 52. Rf7 Ne6 53. Rxf5 1-0

[Event "DVM U20w 2009"]
[Site "Chemnitz GER"]
[Date "2009.12.30"]
[Round "7"]
[White "Velina, Valeria"]
[Black "Frey, Alisa"]
[Result "0-1"]
[Termination "normal"]
[Board "2.2"]
[WhiteElo "1781"]
[BlackElo "2038"]
[WhiteTeam "SV Empor-Berlin"]
[BlackTeam "TSV Schott-Mainz"]
[PlyCount "96"]
[WhiteFideId "24677345"]
[BlackFideId "24634662"]
[EventCountry "GER"]
[EventRounds "7"]
[EventType "team-swiss"]
[EventDate "2009.12.26"]

1. e4 e5 2. Nf3 Nc6 3. Bc4 Nf6 4. d3 Be7 5. O-O d6 6. c3 O-O 7. Re1 Na5 8. Bb3
a6 9. Ba4 b5 10. Bc2 c5 11. Nbd2 Nc6 12. Nf1 Re8 13. Ng3 Bf8 14. h3 d5 15. exd5
Nxd5 16. d4 exd4 17. Rxe8 Qxe8 18. Be4 Nf6 19. Bxc6 Qxc6 20. cxd4 Bb7 21. b3
Rd8 22. Bb2 Qd6 23. Ne2 Bxf3 24. gxf3 Qd5 25. Qd3 c4 26. bxc4 bxc4 27. Qc3 Qe6
28. Ng3 Qxh3 29. Qxc4 Bd6 30. Qf1 Qc8 31. Ne4 Nxe4 32. fxe4 Qc2 33. Qb1 Qxb1+
34. Rxb1 Rb8 35. Kg2 Ba3 36. Bxa3 Rxb1 37. d5 Rd1 38. Be7 f6 39. Kf3 Kf7 40.
Bb4 h5 41. a3 g5 42. Ke2 Rc1 43. Kd2 Rc8 44. f3 h4 45. Bd6 Rd8 46. Bh2 f5 47.
d6 f4 48. e5 Ke6 0-1

[Event "DVM U20w 2009"]
[Site "Chemnitz GER"]
[Date "2009.12.30"]
[Round "7"]
[White "Voss, Chantal"]
[Black "Müller, Anna-Louise"]
[Result "1-0"]
[Termination "normal"]
[Board "2.3"]
[WhiteElo "1868"]
[BlackElo "1644"]
[WhiteTeam "TSV Schott-Mainz"]
[BlackTeam "SV Empor-Berlin"]
[PlyCount "77"]
[WhiteFideId "4664906"]
[BlackFideId "4633512"]
[EventCountry "GER"]
[EventRounds "7"]
[EventType "team-swiss"]
[EventDate "2009.12.26"]

1. d4 Nf6 2. c4 g6 3. Nc3 Bg7 4. e4 d6 5. Nf3 Nc6 6. Be2 O-O 7. O-O e5 8. d5
Ne7 9. Be3 Ne8 10. Ne1 f5 11. f3 f4 12. Bf2 g5 13. Nd3 h5 14. Rc1 Nf6 15. c5
Ng6 16. cxd6 cxd6 17. Nb5 Ne8 18. Nxa7 h4 19. h3 Nf6 20. Nxc8 Rxc8 21. Qb3 Rf7
22. Bb6 Qd7 23. Rxc8+ Qxc8 24. Rc1 Qd7 25. Rc7 Qe8 26. Qc4 Kh7 27. Rxf7 Qxf7
28. Qc7 Qxc7 29. Bxc7 Bf8 30. Nc1 Ne8 31. Bb6 Be7 32. Nb3 Nf8 33. Bb5 Nf6 34.
Na5 N8d7 35. Bc7 Nc5 36. b4 Na6 37. Bxa6 bxa6 38. Nc6 Ne8 39. Bb6 1-0

[Event "DVM U20w 2009"]
[Site "Chemnitz GER"]
[Date "2009.12.30"]
[Round "7"]
[White "Berdin, Victoria"]
[Black "Voss, Janine"]
[Result "0-1"]
[Termination "normal"]
[Board "2.4"]
[WhiteElo "1032"]
[BlackElo "1820"]
[WhiteTeam "SV Empor-Berlin"]
[BlackTeam "TSV Schott-Mainz"]
[PlyCount "77"]
[BlackFideId "24677329"]
[EventCountry "GER"]
[EventRounds "7"]
[EventType "team-swiss"]
[EventDate "2009.12.26"]

1. e4 c5 2. Nf3 d6 3. c3 d5 4. exd5 Qxd5 5. d4 Bg4 6. Be2 Nc6 7. Be3 cxd4 8.
Bxd4 Nxd4 9. Qxd4 Nf6 10. Qxd5 Nxd5 11. h3 Bf5 12. Na3 e6 13. Nc4 Be7 14. O-O
O-O 15. Ne3 Nxe3 16. fxe3 Bg6 17. Bc4 Rac8 18. Bb3 Bc5 19. Rfe1 b5 20. Ne5 Bh5
21. Nd7 Rfd8 22. Nxc5 Rxc5 23. a4 h6 24. Bc2 Rd2 25. Rec1 b4 26. g4 bxc3 27. b4
Rg5 28. Be4 f5 29. Bf3 fxg4 30. h4 Re5 31. Bc6 Rxe3 32. b5 c2 33. a5 Rb3 34. b6
axb6 35. axb6 Rd1+ 36. Rxd1 cxd1=Q+ 37. Rxd1 Ra3 38. Bb7 Be8 39. Rb1 0-1

[Event "DVM U20w 2009"]
[Site "Chemnitz GER"]
[Date "2009.12.30"]
[Round "7"]
[White "Lorenz, Nicole"]
[Black "Drewes, Carina"]
[Result "1/2-1/2"]
[Termination "normal"]
[Board "3.1"]
[WhiteElo "1889"]
[BlackElo "1789"]
[WhiteTeam "SG Grün-Weiß Dresden"]
[BlackTeam "SF Düsseldorf 75"]
[PlyCount "48"]
[WhiteFideId "24623709"]
[BlackFideId "24600296"]
[EventCountry "GER"]
[EventRounds "7"]
[EventType "team-swiss"]
[EventDate "2009.12.26"]

1. e4 e5 2. Bc4 Nf6 3. d3 Nc6 4. Nf3 d6 5. c3 Bg4 6. Bb3 Be7 7. O-O O-O 8. Nbd2
Qd7 9. h3 Bh5 10. Re1 Rfe8 11. Nf1 Rad8 12. Ng3 Bg6 13. Bc2 a6 14. Nh4 Kh8 15.
Ngf5 Ng8 16. Qf3 Bf6 17. Be3 Rc8 18. Rad1 Rcd8 19. Bc1 Qc8 20. Ne3 Rf8 21. Nef5
Rfe8 22. Qg3 Nge7 23. Qf3 Rf8 24. Nxe7 Nxe7 1/2-1/2

[Event "DVM U20w 2009"]
[Site "Chemnitz GER"]
[Date "2009.12.30"]
[Round "7"]
[White "Brustina, Valeriya"]
[Black "Stark, Saskia"]
[Result "0-1"]
[Termination "normal"]
[Board "3.2"]
[WhiteElo "1353"]
[BlackElo "1956"]
[WhiteTeam "SF Düsseldorf 75"]
[BlackTeam "SG Grün-Weiß Dresden"]
[PlyCount "96"]
[BlackFideId "4601050"]
[EventCountry "GER"]
[EventRounds "7"]
[EventType "team-swiss"]
[EventDate "2009.12.26"]

1. c4 c5 2. Nc3 Nc6 3. Nf3 g6 4. g3 Bg7 5. Bg2 Nf6 6. O-O O-O 7. e3 d6 8. d4
cxd4 9. exd4 Rb8 10. Be3 Bg4 11. h3 Bd7 12. Qd2 Qc8 13. b3 Bxh3 14. d5 Bxg2 15.
Kxg2 Nd8 16. Bxa7 Ra8 17. Be3 Ng4 18. Rh1 Nxe3+ 19. Qxe3 Qf5 20. Rac1 e5 21. a4
Qd7 22. Ne4 f5 23. Neg5 h6 24. Nh3 Nf7 25. Rcf1 g5 26. Nh2 Rae8 27. Qd2 g4 28.
Ng1 Ng5 29. f3 gxf3+ 30. Ngxf3 Ne4 31. Qe1 Nc5 32. Qb1 e4 33. Ne1 Qd8 34. Rf2
Qg5 35. Rhf1 Bd4 36. Rf4 Be5 37. Nhf3 exf3+ 38. Nxf3 Qg7 39. Nxe5 Rxe5 40. Rxf5
Rfxf5 41. Rxf5 Re3 42. Rf3 Rxf3 43. Kxf3 Qc3+ 44. Kf4 Kg7 45. g4 Qxb3 46. Qa1+
Kg8 47. Qf6 Qxc4+ 48. Kf5 Qe4# 0-1

[Event "DVM U20w 2009"]
[Site "Chemnitz GER"]
[Date "2009.12.30"]
[Round "7"]
[White "Dorn, Carina"]
[Black "Biryuk, Svitlana"]
[Result "1-0"]
[Termination "normal"]
[Board "3.3"]
[WhiteElo "1867"]
[BlackElo "1135"]
[WhiteTeam "SG Grün-Weiß Dresden"]
[BlackTeam "SF Düsseldorf 75"]
[PlyCount "117"]
[WhiteFideId "24666335"]
[EventCountry "GER"]
[EventRounds "7"]
[EventType "team-swiss"]
[EventDate "2009.12.26"]

1. d4 d5 2. c4 c6 3. Nf3 Nf6 4. Nc3 Bf5 5. Bg5 Nbd7 6. e3 h6 7. Bh4 e6 8. Be2
Be7 9. O-O O-O 10. Rc1 Ne4 11. Bxe7 Qxe7 12. Nd2 Ndf6 13. f3 Nxd2 14. Qxd2 Rad8
15. cxd5 exd5 16. Bd3 Bxd3 17. Qxd3 Rfe8 18. Rfe1 Rd6 19. Rc2 Re6 20. Rce2 Nh5
21. Qf5 g6 22. Qd3 f5 23. Qd2 Qg5 24. b4 Nf6 25. b5 Kg7 26. bxc6 bxc6 27. Qd3
Nh5 28. Na4 f4 29. e4 dxe4 30. Rxe4 Rxe4 31. Rxe4 Rxe4 32. Qxe4 Qd5 33. Qxd5
cxd5 34. Nc3 Nf6 35. Nb5 a5 36. Nd6 Nd7 37. Kf2 Kf6 38. Ke2 Ke6 39. Nb7 Nb6 40.
Nxa5 Na4 41. Kd3 g5 42. h3 h5 43. Kc2 Nb6 44. Kb3 Nd7 45. Nc6 Nf8 46. Ne5 Nd7
47. Nxd7 Kxd7 48. Kb4 Kc6 49. a4 Kb6 50. a5+ Kc6 51. a6 Kb6 52. a7 Kxa7 53. Kc5
Kb7 54. Kxd5 Kc8 55. Kd6 Kd8 56. d5 h4 57. Ke6 Ke8 58. d6 Kd8 59. d7 1-0

[Event "DVM U20w 2009"]
[Site "Chemnitz GER"]
[Date "2009.12.30"]
[Round "7"]
[White "Wichtmann, Barbara"]
[Black "Kosovska, Olena"]
[Result "0-1"]
[Termination "normal"]
[Board "3.4"]
[WhiteElo "1037"]
[BlackElo "1850"]
[WhiteTeam "SF Düsseldorf 75"]
[BlackTeam "SG Grün-Weiß Dresden"]
[PlyCount "66"]
[BlackFideId "4647963"]
[EventCountry "GER"]
[EventRounds "7"]
[EventType "team-swiss"]
[EventDate "2009.12.26"]

1. e4 c5 2. Nf3 Nc6 3. Nc3 d6 4. Bb5 Bg4 5. h3 Bh5 6. g4 Bg6 7. d4 cxd4 8. Nxd4
Rc8 9. f4 h6 10. f5 Bh7 11. Be3 Nf6 12. Qd3 Nd7 13. Bxc6 bxc6 14. Qa6 Qc7 15.
Nf3 Nb6 16. O-O-O g6 17. Bd4 Rg8 18. f6 exf6 19. Bxf6 Bg7 20. Bxg7 Rxg7 21.
Rhe1 f6 22. Na4 Re7 23. Nxb6 axb6 24. Rxd6 Qxd6 25. Qxc8+ Kf7 26. Re2 Qg3 27.
Re3 Qf4 28. Kd2 g5 29. Qxc6 Bxe4 30. Qc4+ Kg7 31. Ng1 Rd7+ 32. Ke2 Qh2+ 33. Kf1
Rd1+ 0-1

[Event "DVM U20w 2009"]
[Site "Chemnitz GER"]
[Date "2009.12.30"]
[Round "7"]
[White "Karmann, Anna"]
[Black "Kleinschmidt, Annika"]
[Result "1-0"]
[Termination "normal"]
[Board "4.1"]
[WhiteElo "1912"]
[BlackElo "1568"]
[WhiteTeam "SG Porz"]
[BlackTeam "SK Nordhorn-Blanke"]
[PlyCount "37"]
[WhiteFideId "24648000"]
[BlackFideId "24670049"]
[EventCountry "GER"]
[EventRounds "7"]
[EventType "team-swiss"]
[EventDate "2009.12.26"]

1. c4 c5 2. Nf3 Nc6 3. d4 e6 4. d5 Nce7 5. e4 d6 6. Nc3 Nf6 7. Be2 g6 8. O-O
Bg7 9. dxe6 fxe6 10. e5 dxe5 11. Qxd8+ Kxd8 12. Nxe5 Ke8 13. Nb5 Nfd5 14. Nd6+
Kf8 15. Nef7 Rg8 16. cxd5 exd5 17. Nxc8 Rxc8 18. Ng5 Nf5 19. Bf3 1-0

[Event "DVM U20w 2009"]
[Site "Chemnitz GER"]
[Date "2009.12.30"]
[Round "7"]
[White "Veelders, Wiebke"]
[Black "Zikeli, Julia"]
[Result "0-1"]
[Termination "normal"]
[Board "4.2"]
[WhiteElo "1484"]
[BlackElo "1852"]
[WhiteTeam "SK Nordhorn-Blanke"]
[BlackTeam "SG Porz"]
[PlyCount "106"]
[WhiteFideId "1270955"]
[BlackFideId "24622753"]
[EventCountry "GER"]
[EventRounds "7"]
[EventType "team-swiss"]
[EventDate "2009.12.26"]

1. f4 d5 2. Nf3 Nf6 3. g3 e6 4. Bg2 c5 5. O-O Nc6 6. c3 Bd6 7. a4 O-O 8. Na3 a6
9. Nc2 b6 10. d3 Bb7 11. Qe1 Ne7 12. Nd2 Qc7 13. e4 dxe4 14. dxe4 e5 15. Nc4
Nc6 16. h3 Rfe8 17. f5 b5 18. Nxd6 Qxd6 19. Qe2 c4 20. Rd1 Qc7 21. Bg5 Nd7 22.
Qg4 f6 23. Be3 Nb6 24. Rd2 Nxa4 25. Rad1 Rad8 26. Ne1 Rxd2 27. Rxd2 Rd8 28.
Rxd8+ Nxd8 29. Qe2 Nf7 30. h4 Nd6 31. Bf2 Nc5 32. Bxc5 Qxc5+ 33. Kh2 a5 34. Nc2
b4 35. Qe1 b3 36. Na3 Nb5 37. Nxb5 Qxb5 38. Qd1 h6 39. g4 Qb6 40. Qd7 Kf8 41.
Qa4 Ba6 42. Qd7 Bb5 43. Qd5 a4 44. Bf1 Qf2+ 45. Bg2 Be8 46. Qxc4 Qxb2 47. Qc5+
Kg8 48. Qd5+ Bf7 49. Qa8+ Kh7 50. c4 a3 51. c5 a2 52. c6 a1=Q 53. Qb7 Qaa2 0-1

[Event "DVM U20w 2009"]
[Site "Chemnitz GER"]
[Date "2009.12.30"]
[Round "7"]
[White "Micklich, Rahel"]
[Black "Baisakow, Christine"]
[Result "1/2-1/2"]
[Termination "normal"]
[Board "4.3"]
[WhiteElo "1778"]
[BlackElo "1476"]
[WhiteTeam "SG Porz"]
[BlackTeam "SK Nordhorn-Blanke"]
[PlyCount "89"]
[WhiteFideId "24639184"]
[BlackFideId "24680052"]
[EventCountry "GER"]
[EventRounds "7"]
[EventType "team-swiss"]
[EventDate "2009.12.26"]

1. d4 d5 2. c4 c6 3. Nf3 a6 4. e3 b5 5. cxd5 cxd5 6. Nc3 Nf6 7. Qb3 e6 8. Bd3
Bd6 9. Bd2 Bb7 10. O-O Nc6 11. Rfc1 O-O 12. Qd1 Qb6 13. Ng5 h6 14. Nf3 Rfc8 15.
Qb3 Na5 16. Qd1 Rc7 17. Ne2 Rac8 18. Bxa5 Qxa5 19. a3 Qb6 20. Rxc7 Rxc7 21. Rc1
Ba8 22. Rxc7 Qxc7 23. Qc2 Qxc2 24. Bxc2 Nd7 25. a4 b4 26. Bd3 Bb7 27. Nc1 Nb6
28. b3 Nd7 29. Na2 a5 30. Bb5 Nb8 31. Nc1 Ba6 32. Nd3 Bxb5 33. axb5 Nd7 34.
Nfe5 Bxe5 35. Nxe5 Nb6 36. Nc6 a4 37. Nxb4 axb3 38. Nd3 Kf8 39. Kf1 Ke8 40. Ke1
Nc4 41. Kd1 Kd8 42. Nc5 b2 43. Kc2 Na3+ 44. Kxb2 Nxb5 45. Nd3 1/2-1/2

[Event "DVM U20w 2009"]
[Site "Chemnitz GER"]
[Date "2009.12.30"]
[Round "7"]
[White "Warmer, Marina"]
[Black "Tunc, Helin"]
[Result "0-1"]
[Termination "normal"]
[Board "4.4"]
[WhiteElo "1337"]
[BlackElo "1534"]
[WhiteTeam "SK Nordhorn-Blanke"]
[BlackTeam "SG Porz"]
[PlyCount "96"]
[WhiteFideId "12909840"]
[BlackFideId "24659304"]
[EventCountry "GER"]
[EventRounds "7"]
[EventType "team-swiss"]
[EventDate "2009.12.26"]

1. e4 e5 2. Nf3 Nc6 3. d4 exd4 4. Nxd4 Bc5 5. Be3 Qf6 6. c3 Nge7 7. Bc4 d6 8.
O-O Bxd4 9. Bxd4 Nxd4 10. cxd4 O-O 11. Nc3 Nc6 12. Nd5 Qd8 13. Qd3 Be6 14. Rad1
Bxd5 15. Bxd5 Nb4 16. Qb3 Nxd5 17. Qxd5 c6 18. Qb3 Qc7 19. d5 c5 20. Rc1 b6 21.
Rfd1 Rad8 22. Rc2 Qe7 23. Re2 Rfe8 24. Qf3 Qg5 25. Rde1 Re7 26. Qe3 Qxe3 27.
Rxe3 Rde8 28. f3 f5 29. Kf2 fxe4 30. Rxe4 Rxe4 31. Rxe4 Rxe4 32. fxe4 Kf7 33.
Ke3 Kf6 34. g3 g5 35. h3 h5 36. b3 Ke5 37. h4 gxh4 38. gxh4 b5 39. a3 c4 40.
bxc4 bxc4 41. a4 c3 42. Kd3 c2 43. Kxc2 Kxe4 44. Kc3 Kxd5 45. Kd3 a5 46. Kc3
Ke4 47. Kd2 Kd4 48. Kd1 Kd3 0-1

[Event "DVM U20w 2009"]
[Site "Chemnitz GER"]
[Date "2009.12.30"]
[Round "7"]
[White "Sonnhalter, Stella"]
[Black "Rogasch, Miriam"]
[Result "1/2-1/2"]
[Termination "normal"]
[Board "5.1"]
[WhiteElo "1730"]
[BlackElo "1911"]
[WhiteTeam "SC Réti Heusweiler"]
[BlackTeam "SV Gryps"]
[PlyCount "73"]
[WhiteFideId "4624815"]
[BlackFideId "4616324"]
[EventCountry "GER"]
[EventRounds "7"]
[EventType "team-swiss"]
[EventDate "2009.12.26"]

1. e4 e5 2. Nf3 Nc6 3. Bc4 Nf6 4. d3 Be7 5. c3 d5 6. exd5 Nxd5 7. O-O O-O 8.
Re1 Be6 9. Nxe5 Nxe5 10. Rxe5 Nxc3 11. Nxc3 Bf6 12. Rxe6 fxe6 13. Bxe6+ Kh8 14.
Be3 Bxc3 15. bxc3 Qf6 16. Bc4 Qxc3 17. Rc1 Qf6 18. Qg4 Rad8 19. Qg3 c6 20. Rb1
Rd7 21. a4 b5 22. Bg5 Qc3 23. axb5 cxb5 24. Bxb5 Rb7 25. Rc1 Qb2 26. Bc4 a5 27.
Re1 a4 28. Bf4 Re7 29. Be3 a3 30. Qh4 Rfe8 31. h3 a2 32. Bxa2 Qxa2 33. Rc1 Qa3
34. Qc4 Rd7 35. d4 Qd6 36. Rd1 Rc7 37. Qb5 1/2-1/2

[Event "DVM U20w 2009"]
[Site "Chemnitz GER"]
[Date "2009.12.30"]
[Round "7"]
[White "Hartmann, Elisa"]
[Black "Alt, Elisabeth"]
[Result "1-0"]
[Termination "normal"]
[Board "5.2"]
[WhiteElo "1732"]
[BlackElo "1328"]
[WhiteTeam "SV Gryps"]
[BlackTeam "SC Réti Heusweiler"]
[PlyCount "51"]
[WhiteFideId "4616235"]
[BlackFideId "24692620"]
[EventCountry "GER"]
[EventRounds "7"]
[EventType "team-swiss"]
[EventDate "2009.12.26"]

1. e4 c5 2. Nc3 Nc6 3. Bb5 g6 4. Bxc6 bxc6 5. d3 Bg7 6. Be3 Qa5 7. Nge2 e6 8.
O-O d5 9. Bd2 d4 10. Nd5 Qd8 11. Ndf4 Nf6 12. g3 Qd7 13. c4 e5 14. Ng2 Qh3 15.
f3 h5 16. Qa4 Bd7 17. Qa5 Ng4 18. fxg4 hxg4 19. Nh4 Bf8 20. Qc7 Be7 21. Qxe5
Rh7 22. Nf4 f6 23. Qc7 Qxf1+ 24. Rxf1 g5 25. Nhg6 gxf4 26. Qxf4 1-0

[Event "DVM U20w 2009"]
[Site "Chemnitz GER"]
[Date "2009.12.30"]
[Round "7"]
[White "Brühan, Caren"]
[Black "Sadewasser, Lucie"]
[Result "1-0"]
[Termination "normal"]
[Board "5.3"]
[WhiteElo "1288"]
[BlackElo "1124"]
[WhiteTeam "SC Réti Heusweiler"]
[BlackTeam "SV Gryps"]
[PlyCount "59"]
[WhiteFideId "24691976"]
[BlackFideId "12905445"]
[EventCountry "GER"]
[EventRounds "7"]
[EventType "team-swiss"]
[EventDate "2009.12.26"]

1. d4 d5 2. Nf3 Nf6 3. e3 Bf5 4. c3 e6 5. Bd3 Bxd3 6. Qxd3 Nbd7 7. O-O Bd6 8.
Nbd2 c6 9. Re1 Qc7 10. e4 dxe4 11. Nxe4 Nxe4 12. Qxe4 O-O-O 13. Be3 h6 14. a4
f5 15. Qxe6 Rdf8 16. b4 g5 17. Red1 g4 18. Ne5 Rf6 19. Qxd7+ Qxd7 20. Nxd7 Kxd7
21. d5 h5 22. Bd4 Be7 23. Bxf6 Bxf6 24. dxc6+ Kxc6 25. Rac1 Bg5 26. Rc2 h4 27.
b5+ Kc7 28. Rd5 Rh5 29. Rxf5 Kd6 30. Re2 1-0

[Event "DVM U20w 2009"]
[Site "Chemnitz GER"]
[Date "2009.12.30"]
[Round "7"]
[White "Vu, Uyen My"]
[Black "Puffay, Jana"]
[Result "1/2-1/2"]
[Termination "normal"]
[Board "5.4"]
[WhiteElo "970"]
[BlackElo "1289"]
[WhiteTeam "SV Gryps"]
[BlackTeam "SC Réti Heusweiler"]
[PlyCount "59"]
[BlackFideId "24692360"]
[EventCountry "GER"]
[EventRounds "7"]
[EventType "team-swiss"]
[EventDate "2009.12.26"]

1. e4 c5 2. Nf3 Nc6 3. d4 cxd4 4. Nxd4 g6 5. Nc3 Bg7 6. Be3 Nf6 7. f4 d6 8. Bb5
Bd7 9. Qd2 Ng4 10. Bg1 a6 11. Be2 Nf6 12. O-O-O O-O 13. h3 b5 14. g4 b4 15. Nd5
Nxd5 16. exd5 Nxd4 17. Bxd4 Qa5 18. Bxg7 Kxg7 19. a3 Rab8 20. Rhe1 Rb7 21. Bc4
Bb5 22. Bb3 Rc8 23. Qxb4 Qxb4 24. axb4 Bc4 25. Bxc4 Rxc4 26. c3 Rxf4 27. Rf1
Rxf1 28. Rxf1 Rb5 29. Rd1 f5 30. Rd4 1/2-1/2

[Event "DVM U20w 2009"]
[Site "Chemnitz GER"]
[Date "2009.12.30"]
[Round "7"]
[White "Bachem, Sabrina"]
[Black "Wilke, Tabea"]
[Result "1-0"]
[Termination "normal"]
[Board "6.1"]
[WhiteElo "1474"]
[BlackElo "911"]
[WhiteTeam "TTC GW Fritzdorf 1958"]
[BlackTeam "SC 1979 Hattersheim"]
[PlyCount "83"]
[BlackFideId "12910015"]
[EventCountry "GER"]
[EventRounds "7"]
[EventType "team-swiss"]
[EventDate "2009.12.26"]

1. e4 e5 2. Nf3 Nc6 3. Bc4 Bc5 4. d3 d6 5. h3 Nf6 6. Nc3 h6 7. O-O O-O 8. Be3
Be6 9. Bxc5 dxc5 10. Bb3 Ne7 11. Nxe5 Bxb3 12. axb3 Ng6 13. Nf3 Nf4 14. Ne2
N6h5 15. Nxf4 Nxf4 16. Nd2 Qg5 17. Qg4 Qxg4 18. hxg4 Ne2+ 19. Kh2 Rfe8 20. g3
Nd4 21. c3 Nc6 22. Nc4 b6 23. f4 f6 24. Ne3 Rad8 25. Nd5 a5 26. Nxc7 Re7 27.
Nd5 Ree8 28. Rac1 b5 29. Nc7 Re7 30. Nxb5 Ra8 31. Nd6 a4 32. bxa4 Rxa4 33. Kg2
Rd7 34. Nc4 Rb7 35. Ra1 Rxa1 36. Rxa1 Rd7 37. Rd1 g5 38. e5 fxe5 39. Nxe5 Nxe5
40. fxe5 Kf7 41. Kf3 c4 42. d4 1-0

[Event "DVM U20w 2009"]
[Site "Chemnitz GER"]
[Date "2009.12.30"]
[Round "7"]
[White "Mitze, Alicia"]
[Black "Sturm, Johanna"]
[Result "0-1"]
[Termination "normal"]
[Board "6.2"]
[WhiteElo "827"]
[BlackElo "1464"]
[WhiteTeam "SC 1979 Hattersheim"]
[BlackTeam "TTC GW Fritzdorf 1958"]
[PlyCount "66"]
[BlackFideId "12909904"]
[EventCountry "GER"]
[EventRounds "7"]
[EventType "team-swiss"]
[EventDate "2009.12.26"]

1. e4 e5 2. Nf3 Nc6 3. Bc4 Bc5 4. O-O d6 5. d3 Bg4 6. Be3 Nf6 7. Nc3 h6 8. Nd5
O-O 9. c3 Na5 10. b3 Nxc4 11. bxc4 c6 12. Nxf6+ Qxf6 13. d4 Bb6 14. d5 cxd5 15.
cxd5 Ba5 16. c4 Qg6 17. g3 Qxe4 18. Kg2 Qxc4 19. Bd2 Bxf3+ 20. Kxf3 Qxd5+ 21.
Ke2 Qxd2+ 22. Qxd2 Bxd2 23. Kxd2 f6 24. Rac1 Rac8 25. Ke2 Kf7 26. Rfd1 Ke6 27.
Rxc8 Rxc8 28. Kf1 b5 29. f4 Rc2 30. Rb1 a6 31. a3 Rxh2 32. Rc1 Rh1+ 33. Ke2
Rxc1 0-1